Normal view
MARC view
Entry Topical Term
001 - CONTROL NUMBER
- control field: 53818
003 - CONTROL NUMBER IDENTIFIER
- control field: dpl
005 - DATE AND TIME OF LATEST TRANSACTION
- control field: 20121126160305.0
008 - FIXED-LENGTH DATA ELEMENTS
- fixed length control field: 121126|||a|||||| | ||| d
040 ## - CATALOGING SOURCE
- Original cataloging agency: dpl
- Transcribing agency: dpl
150 ## - HEADING--TOPICAL TERM
- Topical term or geographic name as entry element: Self-actualization (Psychology)
670 ## - SOURCE DATA FOUND
- Source citation: Work cat.: (dpl)0: Baltus, Rita K. 53817, Personal psychology for life and work /, 2012
670 ## - SOURCE DATA FOUND
- Source citation: Work cat.: (dpl)0: Baltus, Rita K. 53817, Personal psychology for life and work /, 2012
